<?xml version="1.0" encoding="UTF-8"?>
<collection xmlns="http://www.loc.gov/MARC21/slim">
 <record>
  <leader>00594pamaa2200169   4500</leader>
  <controlfield tag="001">0000019221</controlfield>
  <controlfield tag="005">20060420090000.0</controlfield>
  <datafield tag="020" ind1="0" ind2="0">
   <subfield code="a">0669354724 </subfield>
  </datafield>
  <datafield tag="082" ind1=" " ind2=" ">
   <subfield code="a">609.73 MAJ 1998</subfield>
  </datafield>
  <datafield tag="090" ind1="0" ind2="0">
   <subfield code="a">T15 </subfield>
   <subfield code="b">MAJ 1998</subfield>
  </datafield>
  <datafield tag="245" ind1="0" ind2="0">
   <subfield code="a">MAJOR problems in the history of American technology : </subfield>
   <subfield code="b">documents and essays  </subfield>
   <subfield code="c">edited by Merritt Roe Smith and Gregory Clancey.</subfield>
  </datafield>
  <datafield tag="260" ind1="0" ind2="0">
   <subfield code="a">Boston: </subfield>
   <subfield code="b">Houghton Mifflin, </subfield>
   <subfield code="c">1998.</subfield>
  </datafield>
  <datafield tag="300" ind1=" " ind2=" ">
   <subfield code="a">xiii, 524p.: </subfield>
   <subfield code="b">24cm.</subfield>
  </datafield>
  <datafield tag="650" ind1="0" ind2="0">
   <subfield code="a">Technology -- </subfield>
   <subfield code="x">History -- </subfield>
   <subfield code="z">United States </subfield>
  </datafield>
  <datafield tag="650" ind1="0" ind2="0">
   <subfield code="a">Science -- </subfield>
   <subfield code="x">History -- </subfield>
   <subfield code="z">United States </subfield>
  </datafield>
  <datafield tag="700" ind1="1" ind2="1">
   <subfield code="a">Smith, </subfield>
   <subfield code="h">Merrit Roe </subfield>
  </datafield>
  <datafield tag="700" ind1="1" ind2="1">
   <subfield code="a">CLANCEY, </subfield>
   <subfield code="h">Gregory </subfield>
  </datafield>
 </record>
</collection>
